| 000 | 01056nam a22003257a 4500 | ||
|---|---|---|---|
| 003 | CHAP | ||
| 005 | 20220329134225.0 | ||
| 008 | 971013s1981 r 00010 d | ||
| 010 | _a17223 | ||
| 011 | _a18195 | ||
| 035 | _a22280 | ||
| 040 | _cCHAP | ||
| 082 |
_a517.38 _bJ6 |
||
| 100 | 0 | 0 |
_aJódar, Bartolomé. _962092 |
| 245 |
_aAnálisis estadístico de experimentos _b: principios básicos |
||
| 260 |
_aMadrid : _bAlhambra, _c1981 |
||
| 300 |
_a161 p. _b: ilus. ; gráfs |
||
| 490 |
_aVertix _v; 47 |
||
| 590 |
_aBATCH-UPD _b10 _c20130110 _lUCH01 _h1603 |
||
| 590 |
_aBATCH-UPD _b10 _c20130410 _lUCH01 _h0959 |
||
| 590 |
_aBATCH-UPD _b10 _c20130914 _lUCH01 _h1206 |
||
| 590 |
_aCONVERSION _b10 _c20130109 _lUCH01 _h1311 |
||
| 650 | 1 | 4 |
_aDiseños experimentales. _932735 |
| 650 | 1 | 4 |
_aEstadística. _938241 |
| 830 | 0 |
_aVertix _v; 47 _9118972 |
|
| 901 | _aBK | ||
| 942 | _cLIBRO | ||
| 949 |
_a517.38 J6 _bBC _cLIBRO _d33724000136040 _eLIBRO _gI.126187 _h65437 _i22280 _si |
||
| 949 |
_a517.38 J6 _bBC _cLIBRO _d33724000136057 _eLIBRO _fC.2 _gI.126188 _h65438 _i22280 _si |
||
| 999 |
_c17223 _d17223 |
||